| 000 | 01042nas a2200337 4500 | ||
|---|---|---|---|
| 001 | BR0700826 | ||
| 003 | BR-BrBNA | ||
| 005 | 20231205110551.0 | ||
| 007 | ta | ||
| 008 | 230509b bl.|||p| |||| 00| 00por d | ||
| 040 |
_aBR-BrBNA _bpor _cBiblioteca Nacional de Agricultura |
||
| 041 | _a(Pt) | ||
| 072 | _aH50; F02 | ||
| 100 | 1 | _aOda, M.L. | |
| 100 | 1 | _aFaria, R.T. de | |
| 100 | 1 | _aFonseca, I.C.B. | |
| 100 | 1 | _aSilva, G.L. | |
| 245 | 1 | _aAvaliação da fitotoxicidade de fungicidas e germicida na propagação in vitro de Oncidium varicosum Lindl. (Orchidaceae)para o controle de microorganismos | |
| 650 | _aORQUÍDEA | ||
| 650 | _aFITOTOXICIDADE | ||
| 650 | _aFUNGICIDA | ||
| 650 | _aGERMICIDA | ||
| 650 | _aPROPAGAÇÃO VEGETATIVA | ||
| 650 | _aCONTROLE QUÍMICO | ||
| 650 | _aENRAIZAMENTO | ||
| 650 | _aGERMINAÇÃO | ||
| 650 | _aMEIO DE CULTURA | ||
| 773 | 0 |
_tSemina (Brazil) _xISSN 1676-546X _g(Jul-Dec 2003), v. 24(2) p. 273-276 _wBR0700826 |
|
| 909 |
_a202311 _bLúcia _c55 _dLúcia Elande |
||
| 942 |
_2AGRIS _n0 _cANA |
||
| 999 |
_c187953 _d187953 |
||